000 00350nam a2200133Ia 4500
008 230917s9999||||xx |||||||||||||| ||und||
040 _e159043
_aMAIN
041 _aEnglish
082 _a301.35 S59S
100 _aSantosh Kumari
245 0 _aSinghpura gaon ka samajik, rajnitik evam aarthik sanrachna ka adhayayan
300 _a120 p.
942 _cTH
999 _c71940
_d71940